Couples de fictions - Statistiques

Statistiques générales
  • Ce quiz a été pris 506 fois
  • Le résultat moyen est 12 sur 20
Statistiques - réponses
Personnages Partenaires % Correct
Barbie Ken
99%
Mickey Minnie
99%
Aladdin Jasmine
94%
Marge Simpson {Homer} Simpson
93%
Roméo Montaigu Juliette Capulet
89%
Shrek Fiona
83%
Tarzan Jane
83%
Simba Nala
82%
Lois Lane Clark Kent
63%
Rose DeWitt Bukater Jack Dawson
61%
Chandler Bing Monica Geller
59%
Padmé Amidala Anakin Skywalker
57%
Mary Jane Watson Peter Parker
44%
Roger Rabbit {Jessica} Rabbit
42%
Vegeta Bulma
39%
Pepper Potts Tony Stark
34%
Popeye Olive Oyl
29%
Morticia Addams {Gomez} Addams
27%
Sheldon Cooper Amy Farrah Fowler
19%
Glenn Rhee Maggie Greene
10%
Aucun quiz correspondant
Distribution des résultats
% des personnes avec chaque résultat
Percentile par nombre de réponses
Votre historique - résultats
Vous n’avez pas pris ce quiz